| 000 | 00439nam a2200145 4500 | ||
|---|---|---|---|
| 001 | 110379 | ||
| 003 | ES-MaACL | ||
| 005 | 20230906185036.0 | ||
| 007 | t| | ||
| 008 | 061121s1971 sp r ||||1| lat d | ||
| 245 | 0 | 0 |
_aOrdo Sacri Peragendi ad norman calendarii instaurati / _cpro Missionariis C. M. FF. ad annum Domini 1972. |
| 260 |
_aMatriti : _bCoculsa, _c1971. |
||
| 300 |
_a48 p. ; _c17 cm. |
||
| 852 |
_aES-MaACL _j2079-F-7 _bR.81745 |
||
| 999 |
_c110379 _d110379 |
||